| 000 | 01446cam a22002175a 4500 | ||
|---|---|---|---|
| 001 | L140142 | ||
| 008 | 070907e20070821xxk f f000 0 eng d | ||
| 035 | _a(Sirsi) u140142 | ||
| 041 | 0 | _aeng | |
| 050 | 0 | 4 | _a306.76 $2 18 |
| 110 | 1 |
_aUnited Kingdom _bDepartment for Communities and Local Government _94939 |
|
| 245 | 0 | 0 |
_aPlanning for travelling showpeople _h[electronic resource] |
| 260 |
_aLondon _bDCLG _c2007 |
||
| 490 | 0 |
_aDCLG Circular _v(04/07) |
|
| 520 | _aProvides guidance for the planning and provision of land required by travelling showpeople. Evidence showed that DoE Circular 22/91 (ISBN 011752560X) failed to effectively acknowledge their needs and support their way of life. Replicates much of the guidance on planning for gypsies and travellers (Circular 01/06). However there are significant numerous differences. Travelling showpeople often require mixed-use land for residence and equipment repair; have a different culture to travellers; and create greater noise and visual impact for short periods of stay. Aims to ensure such people do not become homeless. Follows a consultation paper (L136433). | ||
| 590 | _aKA NTK | ||
| 651 | 4 |
_aUnited Kingdom _y |
|
| 690 | _aENVIRONMENTAL AND LAND CONSULTANCY-PLANNING AND DEVELOPMENT-GUIDANCE | ||
| 856 | 4 | 0 |
_uhttps://www.communities.gov.uk/documents/planningandbuilding/pdf/circulartravellingshowpeople.pdf _zView the item free of charge at www.communities.gov.uk |
| 942 | _n0 | ||
| 999 |
_c107437 _d107437 |
||